00760 2200193 4500001002100000005001500021035002000036245017500056100004400231250002000275300005100295856003600346700008600382260003400468082001100502084001700513020002200530650001400552INLIS00000000114700820260220101027 a0010-02260006281 aPertolongan pertama pada anak sakit /cPenulis; Niluh swasanti dan Wikanda Satria Putra, editor; Azis Safa, proofreader; Nur hidayah, desain cover; Anto, desain isi; Joko0 aNiluh swasanti dan Wikanda Satria Putra aCetakan Pertama a128 halaman :bilustrasi ;c17 x 24 cmeKertas aPerpustakaan Umum Kota Makassar0 aeditor; Azis Safa, proofreader; Nur hidayah, desain cover; Anto, desain isi; Joko aYogyakarta :bkatahati,c2020 a616.02 a616.02 NI p a978-602-1579-08-4 4aKESEHATAN